3 Movies, 1 Missing Word XI Quiz Stats

 Plays Quiz Updated Sep 7, 2019

Score 0/33 Timer 04:00
3 Plays Today
% Correct
Robin
95.1%
Charlie
94.9%
Hannah
94.4%
Greatest
94.3%
One
93.7%
King
93.5%
Future
93.5%
Sweet
93.3%
Three
93.2%
Breakfast
92.8%
Penguins
92.8%
Chronicles
92.5%
We're
91.9%
Dream
91.4%
Birds
91.3%
Enemy
90.3%
Murder
89.9%
% Correct
Red
89.7%
Beasts
89.4%
Kids
89.3%
Kingdom
88.7%
Father
88.4%
Party
88.4%
Mountain
88.2%
National
88.1%
Action
88%
Moms
87.7%
Dogs
82.7%
Quiet
82%
Magic
80.3%
Strong
71.7%
Game
69.6%
Station
68.2%

You're not logged in!

Compare scores with friends on all Sporcle quizzes.
OR
Log In

Sporcle TV

Today on Sporcle TV


Watch our educational content, quiz creation guides, and fun videos on Sporcle TV.

Show Comments

Extras

Top Quizzes Today


Score Distribution

Your Account Isn't Verified!

In order to create a playlist on Sporcle, you need to verify the email address you used during registration. Go to your Sporcle Settings to finish the process.

Report this User

Report this user for behavior that violates our Community Guidelines.

Details: